| 000 | 01123nam a2200253 i 4500 | ||
|---|---|---|---|
| 001 | bg | ||
| 100 | 1 | _aKRAUZE, Krzysztof | |
| 245 | 1 | 0 |
_aTeoria procesu roboczego frezujących organów ślimakowych w skałach średniozwięzłych / _cKrzysztof Krauze. |
| 246 | 1 | 1 | _aTheory of operation process of worm cutting elements in middle cohesive rocks |
| 260 |
_aKraków : _bWydawnictwa AGH, _c1995. |
||
| 300 |
_a143, [1] s. : _bfot., rys., wykr. ; _c24 cm. |
||
| 490 | 1 |
_aRozprawy, Monografie / [Akademia Górniczo-Hutnicza im. S. Staszica] = _aDissertations, Monographies, _x0867-6631 ; _v36 |
|
| 500 | _aTyt. równol. : Theory of operation process of worm cutting elements in middle cohesive rocks. | ||
| 504 | _aBibliogr. s. 139-[144]. - Summ. | ||
| 650 | 9 |
_aKombajny górnicze _xurządzenia _xeksploatacja |
|
| 650 | 9 |
_aSymulacja _xstosowanie _xgórnictwo |
|
| 650 | 9 |
_aWęgiel _xgórnictwo _xtechnika |
|
| 830 | 0 |
_aRozprawy, Monografie ([Akademia Górniczo-Hutnicza im. S. Staszica]) ; _v36 |
|
| 040 | _cBPK | ||
| 041 | 0 |
_apl _ben |
|
| 080 | _a622.2:622.333 | ||
| 942 | _cKS | ||
| 008 | s pl f |000 0 pol | ||
| 999 |
_c31486 _d31486 |
||
| 856 |
_uhttp://koha.tu.koszalin.pl/cgi-bin/koha/opac-detail.pl?biblionumber=31486 _yKatalog online BPK |
||